000 00212cam a2200097ua 4500
100 _aVasudevan Nair, M T .
245 _aKaalam /
_cAuthor.
_hTextual Documents
300 _a ; .
504 _a
999 _c13585
_d13585